000
00306nam a22001097a 4500
008
160613b xxu||||| |||| 00| 0 eng d
020
_a
9780763757625
041
_a
eng
080
_a
618.2
245
_a
Cardiac surgery essentials for critical care nursing:
_c
Sonya R. Hardin; Roberta Kaplow;
942
_2
udc
_c
BK
999
_c
2454
_d
2454